<?xml version="1.0" encoding="UTF-8"?><?xml-stylesheet type="text/xsl" href="static/style.xsl"?><OAI-PMH xmlns="http://www.openarchives.org/OAI/2.0/" xmlns:xsi="http://www.w3.org/2001/XMLSchema-instance" xsi:schemaLocation="http://www.openarchives.org/OAI/2.0/ http://www.openarchives.org/OAI/2.0/OAI-PMH.xsd"><responseDate>2026-04-18T04:31:45Z</responseDate><request verb="GetRecord" identifier="oai:www.recercat.cat:20.500.12694/7425" metadataPrefix="marc">https://recercat.cat/oai/request</request><GetRecord><record><header><identifier>oai:recercat.cat:20.500.12694/7425</identifier><datestamp>2025-12-18T20:11:42Z</datestamp><setSpec>com_2072_179042</setSpec><setSpec>col_2072_484475</setSpec></header><metadata><record xmlns="http://www.loc.gov/MARC21/slim" xmlns:dcterms="http://purl.org/dc/terms/" xmlns:xsi="http://www.w3.org/2001/XMLSchema-instance" xmlns:doc="http://www.lyncode.com/xoai" xsi:schemaLocation="http://www.loc.gov/MARC21/slim http://www.loc.gov/standards/marcxml/schema/MARC21slim.xsd">
   <leader>00925njm 22002777a 4500</leader>
   <datafield ind2=" " ind1=" " tag="042">
      <subfield code="a">dc</subfield>
   </datafield>
   <datafield ind2=" " ind1=" " tag="720">
      <subfield code="a">Espinosa Díaz, Alberto</subfield>
      <subfield code="e">author</subfield>
   </datafield>
   <datafield ind2=" " ind1=" " tag="260">
      <subfield code="c">2024-06</subfield>
   </datafield>
   <datafield ind2=" " ind1=" " tag="520">
      <subfield code="a">Aquest treball proposa una nova lectura de la modalitat en el repertori gregorià, a través de l'anàlisi de certs símbols presents en un tonari del segle XI (H 159 de Montpellier) i plantejant la hipòtesi d'una pràctica microtonal en aquesta música. Per a això, s'analitzen aquests símbols en relació amb les fonts històriques, tant anteriors (Boeci) com contemporànies (Guido d'Arezzo) i posteriors (Marchetto de Pàdua). A partir d'aquest estudi, s'analitzen una sèrie de peces musicals pertanyents al tonari.</subfield>
   </datafield>
   <datafield ind2=" " ind1=" " tag="520">
      <subfield code="a">Este trabajo propone una nueva lectura de la modalidad en el repertorio gregoriano, a través del análisis de ciertos símbolos presentes en un tonario del siglo XI (F-MOf H 159) y planteando la hipótesis de una práctica microtonal en esta música. Para ello, se analizan dichos símbolos en relación con las fuentes históricas, tanto anteriores (Boecio) como contemporáneas (Guido d’Arezzo) y posteriores (Marchetto de Padua). A partir de este estudio, se analizan una serie de piezas musicales pertenecientes al tonario.</subfield>
   </datafield>
   <datafield ind2=" " ind1=" " tag="520">
      <subfield code="a">This work proposes a new interpretation of modality in the Gregorian repertoire through the analysis of certain symbols present in an 11th-century tonary (H 159 of Montpellier) and by hypothesizing a microtonal practice in this music. To this end, these symbols are analyzed in relation to historical sources, both earlier (Boethius) and contemporary (Guido of Arezzo) , as well as later (Marchetto of Padua). Based on this study, a series of musical pieces belonging to the tonary are analyzed.</subfield>
   </datafield>
   <datafield ind1="8" ind2=" " tag="024">
      <subfield code="a">http://hdl.handle.net/20.500.12694/7425</subfield>
   </datafield>
   <datafield tag="653" ind2=" " ind1=" ">
      <subfield code="a">TFM MIMA</subfield>
   </datafield>
   <datafield tag="653" ind2=" " ind1=" ">
      <subfield code="a">Cants gregorians</subfield>
   </datafield>
   <datafield tag="653" ind2=" " ind1=" ">
      <subfield code="a">Música microtonal</subfield>
   </datafield>
   <datafield tag="653" ind2=" " ind1=" ">
      <subfield code="a">Música--S. XV--Anàlisi i apreciació</subfield>
   </datafield>
   <datafield tag="653" ind2=" " ind1=" ">
      <subfield code="a">Notació musical--Història</subfield>
   </datafield>
   <datafield ind2="0" ind1="0" tag="245">
      <subfield code="a">La microtonalidad en el canto gregoriano: una reinterpretación de la notación alafabética del F-M0f H 159</subfield>
   </datafield>
</record></metadata></record></GetRecord></OAI-PMH>